| 000 | 00908nam a2200241 i 4500 | ||
|---|---|---|---|
| 001 | bg | ||
| 100 | 1 |
_aKisiel, Adam Józef _d(1952- ). |
|
| 245 | 1 | 0 |
_aHydrauliczna analiza działania grawitacyjno-podciśnieniowych zbiorników kanalizacyjnych / _cAdam Kisiel ; Politechnika Krakowska im. Tadeusza Kościuszki. |
| 260 |
_aKraków : _bPK, _c1998. |
||
| 300 |
_a230, [2] s. : _bil. ; _c24 cm. |
||
| 490 | 1 | _aMonografia. Inżynieria Sanitarna i Wodna | |
| 500 | _aISSN i nr serii gł. : 0860-097X ; 238. - Streszcz. ang., niem. | ||
| 504 | _aBibliogr. | ||
| 650 | 9 |
_aKanalizacja _xurządzenia _xbadanie |
|
| 650 | 9 |
_aModele matematyczne _xstosowanie _xtechnika |
|
| 650 | 9 |
_aPrzepływ _xmechanika _xbadanie |
|
| 830 | 0 |
_aMonografia. _pInżynieria Sanitarna i Wodna |
|
| 040 | _cBPK | ||
| 041 | 0 |
_apol _beng _bger |
|
| 080 | _a628.2/.3:532:519.86 | ||
| 942 | _cKS | ||
| 008 | s pl f |000 0 pol | ||
| 999 |
_c37898 _d37898 |
||
| 856 |
_uhttp://koha.tu.koszalin.pl/cgi-bin/koha/opac-detail.pl?biblionumber=37898 _yKatalog online BPK |
||